Ivan Alekseevič Bunin

Titel: Ivan Alekseevič Bunin : bibliografija originalʹnych knižnych izdanij (1891 - 1990) / sost. Jitka Kržesalkova
Verfasser:
Ausgabe: Izd. 1.
Veröffentlicht: Praga : Národní Knihovna ČR, 2007
Umfang: 503 S.
Format: Buch
Sprache: Russisch
Schriftenreihe/
mehrbändiges Werk:
Bibliografie Slovanske knihovny ; 70
RVK-Notation:
Schlagworte:
ISBN: 9788070505229 ; 8070505222
Buchumschlag
X
Lokale Klassifikation: 2 B 2306 ; 41 10 E ; 41 15 H ; 41 1 C
alg: 21333544
001A    $00026:25-06-09 
001B    $01999:25-10-24 $t18:25:05.000 
001C    $03004:22-02-10 $t11:13:11.000 
001D    $00026:27-07-09 
001U    $0utf8 
001X    $00 
002@    $0Aau 
003@    $0213335441 
003O    $0254613077 $aOCoLC 
004A    $A978-80-7050-522-9 
004A    $080-7050-522-2 
007A    $0213335441 $aHEB 
007T    $0Herdhh213335441 
009P    $qapplication/pdf $A2 $3Inhaltsverzeichnis $uhttp://scans.hebis.de/HEBCGI/show.pl?21333544_toc.pdf $mV:DE-603;B:DE-26 
010@    $arus 
011@    $a2007 
021A    $aIvan Alekseevič Bunin $dbibliografija originalʹnych knižnych izdanij (1891 - 1990) $hsost. Jitka Kržesalkova 
028A    $BHrsg. $#Kržesalkova, Jitka $D20231015 $Ecgwrk $71159253404 $8Křesálková, Jitka$Z1924- [Tp3] $9431018073 
032@    $aIzd. 1. 
033A    $pPraga $nNárodní Knihovna ČR 
034D    $a503 S. 
036E    $aBibliografie Slovanske knihovny $l70 
036F    $x270 $8Bibliografie Slovanské Knihovny $9203377699 $l70 
044K    $#Bunin, Ivan Alekseevich $#Бунин, Иван Алексеевич $#Bunin, I. $#Bunin, Iv. $#Bunin, Ivan Aleksandrovič $#Bunin-Sirin $#P'u-ning $#Mpunin, Iban $#Bunin, Ivan Aleksěevič $#Bunin, Iwan A. $#Bunin, Ivan Alexievitch $#Ivan Alexievitch Bunin $#Yi fan Bu ning $#Yifan Buning $#Buning, Yifan $#Bunin, Ivan A. $#Bounin, Ivan $#Bounine, Ivan $#Bunin, I. A. $#Bunin, Ivan Alekseevich $#Bunin, Ivan Alexeyevich $#Bunin, Iwan $#Bunin, Iwan Alexejewitsch $#Bunjin, Ivan $#Bunin, Ivan $#Bunyin, Ivan Alekseevič $#Bounine, Ivan Alexeevitch $#Bunjin, Ivan Aleksejević $#Bunn, Iwan $#|b|Bunin, Iwan A. $#伊凡・布寗 $#布寗, 伊凡 $7118638084 $8Bunin, Ivan Alekseevič$Z1870-1953 [Tp1] $9086979019 
045F    $a809 $eDDC23BSB 
045F/01 $a809 
045F/03 $g471 
045G    $a002.09471 $eDDC23BSB 
045G/01 $a002.09 
045G/03 $g471 
045H    $a907.209471 $eDDC23BSB 
045H/01 $a907.2 
045H/03 $g471 
045Z    $8KI 3215 [Tkv] $9409191884 
046L    $aIn kyrill. Schr., russ. 

lok: 21333544 24
101B    $022-02-10 $t11:13:11.000 
101C    $022-02-10 
101U    $0utf8 
145Z/01 $a2 B 2306 
145Z/02 $a41 10 E 
145Z/03 $a41 15 H 
145Z/04 $a41 1 C 

exp: 21333544 24 1 #EPN
201B/01 $022-02-10 $t11:13:11.000 
201C/01 $029-07-09 
201U/01 $0utf8 
203@/01 $0579871401 
208@/01 $a22-02-10 $bz 
209A/01 $a10.0559 $du $f050 $h10 0559 $x00 
209C/01 $a10.0559 T $h10 0559 T 
209G/01 $a72575040 $x00 
220C/01 $akon 
247C/01 $8358050-7 Marburg, Bibliothek des Herder-Instituts Marburg $9102600961 

lok: 21333544 78

exp: 21333544 78 1 #EPN
201B/01 $019-04-17 $t21:44:45.000 
201U/01 $0utf8 
203@/01 $079302580X 
208@/01 $a12-11-16 $be 
209A/01 $a/ $f000 $x00 
237A/01 $aIn kyrill. Schr., russ 
244Z/01 $2Trx $#dzieło zbiorowe $8--Trx--Sammelwerk $x01 $9391384597 
247C/01 $82080>Marburg/Lahn, Herder-Institut, Forschungsbibliothek, Bibliographieportal $9336309341 

lok: 21333544 204

exp: 21333544 204 1 #EPN
201B/01 $020-08-09 $t15:15:44.000 
201C/01 $025-06-09 
201U/01 $0utf8 
203@/01 $0576311634 
208@/01 $a20-08-09 $bzUB 
209A/01 $aFH sla Cb 8.5 $du $f000 $x00 
209G/01 $a60694672 $x00 
245S/01 $a21000 $x01 
247C/01 $8631000-x <26>Gießen, Universität Gießen, Universitätsbibliothek Gießen $9102596697
LEADER 00000cam a2200000 c 4500
001 213335441
003 DE-603
005 20241025182505.0
007 tu
008 090625s2007 xx |||| | u00||u|rus c
020 |a 9788070505229 
020 |a 8070505222 
035 |a (DE-599)HEB213335441 
035 |a (OCoLC)254613077 
040 |a DE-603  |b ger  |c DE-603  |d DE-603 
041 |a rus 
082 0 4 |8 1\u  |a 809  |q DE-101  |2 23/BSB 
083 0 |8 2\u  |a 002.09471  |q DE-101  |2 23/BSB 
083 0 |8 3\u  |a 907.209471  |q DE-101  |2 23/BSB 
084 |a KI 3215  |0 (DE-625)76956:11873  |0 (DE-603)409191884  |2 rvk 
085 |8 1\u  |b 809 
085 |8 1\u  |z 2  |s 471 
085 |8 2\u  |b 002.09 
085 |8 2\u  |z 2  |s 471 
085 |8 3\u  |b 907.2 
085 |8 3\u  |z 2  |s 471 
100 1 |a Křesálková, Jitka  |d 1924-  |e Hrsg.  |4 edt  |0 (DE-603)431018073  |0 (DE-588)1159253404  |2 gnd 
245 0 0 |a Ivan Alekseevič Bunin  |b bibliografija originalʹnych knižnych izdanij (1891 - 1990)  |c sost. Jitka Kržesalkova 
250 |a Izd. 1. 
264 1 |a Praga  |b Národní Knihovna ČR  |c 2007 
300 |a 503 S. 
490 1 |a Bibliografie Slovanske knihovny  |v 70 
546 |a In kyrill. Schr., russ. 
600 1 7 |a Bunin, Ivan Alekseevič  |d 1870-1953  |0 (DE-588)118638084  |0 (DE-603)086979019  |2 gnd 
810 2 2 |a Slovanská Knihovna  |g Prag  |t Bibliografie Slovanské Knihovny  |v 70  |w (DE-603)203377699  |w (DE-600)2229186-6  |9 270  |7 as 
856 4 2 |m V:DE-603;B:DE-26  |q application/pdf  |u http://scans.hebis.de/HEBCGI/show.pl?21333544_toc.pdf  |3 Inhaltsverzeichnis 
924 0 |9 Mb 50  |a (DE-603)579871401  |b DE-Mb50  |c HES  |d c  |g 10.0559 
924 0 |9 2080  |a (DE-603)79302580X  |b DE-2080  |c HES  |d d  |g / 
924 0 |9 26  |a (DE-603)576311634  |b DE-26  |c HES  |d c  |g FH sla Cb 8.5